| 000 | 00511nam a2200181 4500 | ||
|---|---|---|---|
| 001 | 116193 | ||
| 003 | ES-MaACL | ||
| 005 | 20230906190645.0 | ||
| 007 | t| | ||
| 008 | 061121s1972 sp r ||||1| spa d | ||
| 100 | 1 |
_aOrwell, George. _987703 |
|
| 245 | 1 | 0 |
_aSubir a por aire / _cGeorge Orwell ; traducción de Ester Donato. |
| 250 | _a1ª. ed. | ||
| 260 |
_aBarcelona : _bDestino, _c1972. |
||
| 300 |
_a235 p. : _bil. ; _c19 cm. |
||
| 700 | 1 |
_aDonato, Ester. _945293 |
|
| 852 |
_aES-MaACL _jC-45468 _bR.83586 |
||
| 999 |
_c116193 _d116193 |
||